00490nam a2200133Ia 4500008004100000100002400041245008500065245005800150260005300208260000900261300001000270650001500280856006100295170221s9999 xx 000 0 und d aMaria V. Zelinskaya aDevelopment of the Tourist Health Resort Branch in Primorsko-Akhtarsky District  cMaria V. Zelinskaya, Tatiana I. Chueva, Ivan N. Chuev bInternational Review of Management and Marketing c2013 a8 : 2 xMarketing. uhttp://www.econjournals.com/index.php/irmm/issue/view/70